000 01276nam a22002657a 4500
005 20170124103106.0
010 _aA-994867
020 _c175.00
035 _aA-994867
037 _bCen Lib/Ret
040 _aDPL
_bHN
082 _a080
_bगाडगि
100 _aगाडगिल, नरहर विष्णु
_978283
245 _aसत्ता का सच :
_cनरहर विष्णु गाडगिल ; अनुवादक हरनारायण निगम
_bफ्रॉम इनसाइड द गोवेंर्मेंट /
246 _aSatta ka sach / from inside the government /
_bby Narhar Vishnu Gadgil ; anuvadak Harnarayan Nigam
260 _aनई दिल्ली
_bप्रवीण प्रकाशन
_c2000
270 _bनई दिल्ली
_a1/1079-ई, महरौली
_e110030
300 _a195पृ.
_c19सेमी (सजिल्द)
650 _aहिंदी--पत्रकारिता
_91191
650 _aराजनितिक प्रणाली
_978284
650 _aHindi--Journalism
_943511
650 _aPolitical system
_914768
700 _aनिगम, हरनारायण
_978285
942 _2ddc
_cHN
_h080
_mगाडगि
999 _c118089
_d118089